| 000 | 00705nam a2200241 a 4500 | ||
|---|---|---|---|
| 001 | 57034 | ||
| 003 | BD-RjUL | ||
| 005 | 20211209080448.0 | ||
| 008 | 161205s1961 ii a 001 0 eng u | ||
| 035 | _a(BD-RjUL)57158 | ||
| 040 |
_aBUF _dOCL _dEQO _dBD-RjUL _beng _cBD-RjUL |
||
| 041 | _aeng | ||
| 082 |
_223 _a027.50954 _bKEI 1961 |
||
| 100 |
_aKesavan, B. S. _9169452 |
||
| 245 | 0 | 0 |
_aIndia's National Library / _cby B. S. Kesavan |
| 260 |
_aCalcutta : _cNational library, _bc1961. |
||
| 300 |
_axii, 300 p. _bill. ; _c23 cm. |
||
| 500 | _aIncludes index | ||
| 650 |
_aNational Library (India) _9169453 |
||
| 650 |
_aLibraries. _9169454 |
||
| 710 |
_aNational Library (India) _9169453 |
||
| 942 |
_2ddc _cBK |
||
| 999 |
_c57034 _d57034 |
||